书目信息 |
| 题名: |
中国体育科学发展研究
|
|
| 作者: | 王芬 主编 ;国家体育总局干部培训中心 编 | |
| 分册: | ||
| 出版信息: | 北京 北京体育大学出版社 2010 |
|
| 页数: | 357页 | |
| 开本: | 21cm | |
| 丛书名: | 中国体育中青年干部论丛 | |
| 单 册: | ||
| 中图分类: | G80-53 | |
| 科图分类: | ||
| 主题词: | 体育科学--发展--中国--文集 , 体育科学 | |
| 电子资源: | ||
| ISBN: | 978-7-5644-0472-7 | |
| 000 | 01019oam2 2200277 45 | |
| 001 | 1130728781 | |
| 005 | 20110310092758.37 | |
| 010 | @a978-7-5644-0472-7@dCNY28.00 | |
| 100 | @a20110123d2010 em y0chiy50 ea | |
| 101 | 0 | @achi |
| 102 | @aCN@b110000 | |
| 105 | @ay z 000yy | |
| 106 | @ar | |
| 200 | 1 | @a中国体育科学发展研究@AZhong Guo Ti Yu Ke Xue Fa Zhan Yan Jiu@f王芬主编@FWang Fen Zhu Bian@g国家体育总局干部培训中心编 |
| 210 | @a北京@c北京体育大学出版社@d2010 | |
| 215 | @a357页@d21cm | |
| 225 | 2 | @a中国体育中青年干部论丛 |
| 330 | @a本书文章分体育发展战略研究、运动项目发展研究、运动队管理研究、体育经济管理研究、体育科技体育教育管理研究、体育后勤保障研究六个专题。 | |
| 461 | 0 | @12001 @a中国体育中青年干部论丛 |
| 606 | 0 | @a体育科学@x发展@y中国@j文集 |
| 606 | 0 | @a体育科学 |
| 690 | @aG80-53@v4 | |
| 701 | 0 | @a王芬@AWang Fen@4主编 |
| 712 | 02 | @a国家体育总局干部培训中心@AGuo Jia Ti Yu Zong Ju Gan Bu Pei Xun Zhong Xin@4编 |
| 801 | 0 | @aCN@bTANGWEI@c20110310 |
| 905 | @b0531789-92@dG80-53@e434@f4 | |
| 中国体育科学发展研究/王芬主编/国家体育总局干部培训中心编.-北京:北京体育大学出版社,2010 |
| 357页;21cm.-(中国体育中青年干部论丛) |
| ISBN 978-7-5644-0472-7:CNY28.00 |
| 本书文章分体育发展战略研究、运动项目发展研究、运动队管理研究、体育经济管理研究、体育科技体育教育管理研究、体育后勤保障研究六个专题。 |
| ● |
| 相关链接 |
|
|
|
|
正题名:中国体育科学发展研究
索取号:G80-53/434
 
预约/预借
| 序号 | 登录号 | 条形码 | 馆藏地/架位号 | 状态 | 备注 |
| 1 | 0531789 | 205317897 | 第一样本阅览室/ [索取号:G80-53/434] | 在馆 | |
| 2 | 0531790 | 205317904 | 密集书库-体育系/ [索取号:G80-53/434] | 在馆 | |
| 3 | 0531791 | 205317913 | 第四借阅区/ [索取号:G80-53/434] | 在馆 | |
| 4 | 0531792 | 205317922 | 第四借阅区/ [索取号:G80-53/434] | 在馆 |